WWE Royal Rumble Winners - Click Quiz - Statistics

General Stats
  • This quiz has been taken 45 times
  • The average score is 23 of 38
Answer Stats
Hint Answer % Correct
2023 Cody Rhodes
81%
2024 Cody Rhodes
81%
2011 Alberto Del Rio
78%
2014 Batista
72%
2025 Jey Uso
72%
2018 Shinsuke Nakamura
72%
2008 John Cena
69%
2017 Randy Orton
69%
2006 Rey Mysterio
69%
2015 Roman Reigns
69%
2019 Seth Rollins
69%
2022 Brock Lesnar
66%
2004 Chris Benoit
66%
2021 Edge
66%
1998 Stone Cold Steve Austin
66%
2007 The Undertaker
66%
2010 Edge
63%
2009 Randy Orton
63%
2012 Sheamus
63%
1997 Stone Cold Steve Austin
63%
2001 Stone Cold Steve Austin
63%
2005 Batista
59%
2003 Brock Lesnar
59%
2016 Triple H
59%
2020 Drew McIntyre
56%
2013 John Cena
56%
1996 Shawn Michaels
56%
2000 The Rock
56%
1989 Big John Studd
53%
1988 Jim Duggan
53%
1991 Hulk Hogan
50%
1999 Mr. McMahon
50%
1995 Shawn Michaels
50%
2002 Triple H
50%
1990 Hulk Hogan
47%
1994 Lex Luger / Bret Hart
47%
1992 Ric Flair
47%
1993 Yokozuna
47%
No matching quizzes found
Score Distribution
Percent of People with Each Score
Percentile by Number Answered
Your Score History
You have not taken this quiz